Pays d'Afrique du plus petit au plus grand - Statistiques

Statistiques générales
  • Ce quiz a été pris 347 fois
  • Le résultat moyen est 38 sur 54
Réponses sur la Carte
Les réponses sont colorées sur une échelle allant du rouge au vert en fonction du pourcentage des utilisateurs qui les ont devinées à leur premier essai. Vous pouvez retrouver ces pourcentages ci-dessous.
 
Statistiques - réponses
Rang Superficie (en km²) Pays % Correct
54ᵉ 455 Seychelles
95%
53ᵉ 964 São Tomé-et-Principe
92%
52ᵉ 2 040 Maurice
90%
51ᵉ 2 235 Comores
89%
50ᵉ 4 033 Cap-Vert
88%
48ᵉ 17 364 Eswatini
82%
49ᵉ 11 300 Gambie
82%
45ᵉ 27 830 Burundi
80%
47ᵉ 23 200 Djibouti
80%
43ᵉ 30 355 Lesotho
80%
46ᵉ 26 338 Rwanda
80%
44ᵉ 28 051 Guinée équatoriale
78%
42ᵉ 36 125 Guinée-Bissau
77%
41ᵉ 56 785 Togo
77%
1ᵉʳ 2 381 740 Algérie
74%
38ᵉ 112 622 Bénin
74%
39ᵉ 111 369 Liberia
74%
40ᵉ 71 740 Sierra Leone
74%
37ᵉ 117 600 Érythrée
73%
36ᵉ 118 484 Malawi
72%
2ᵉ 2 344 858 République démocratique du Congo
71%
34ᵉ 196 722 Sénégal
70%
35ᵉ 163 610 Tunisie
70%
32ᵉ 241 038 Ouganda
68%
30ᵉ 267 667 Gabon
67%
33ᵉ 238 533 Ghana
67%
3ᵉ 1 861 484 Soudan
67%
29ᵉ 274 200 Burkina Faso
66%
31ᵉ 245 857 Guinée
66%
4ᵉ 1 759 540 Libye
66%
9ᵉ 1 219 090 Afrique du Sud
65%
25ᵉ 475 440 Cameroun
65%
28ᵉ 322 463 Côte d'Ivoire
65%
12ᵉ 1 001 450 Égypte
65%
22ᵉ 587 041 Madagascar
65%
8ᵉ 1 240 192 Mali
65%
11ᵉ 1 030 700 Mauritanie
65%
26ᵉ 390 757 Zimbabwe
65%
10ᵉ 1 104 300 Éthiopie
64%
24ᵉ 580 367 Kenya
64%
18ᵉ 716 550 Maroc
64%
6ᵉ 1 267 000 Niger
64%
27ᵉ 342 000 République du Congo
64%
5ᵉ 1 284 000 Tchad
64%
23ᵉ 581 730 Botswana
63%
21ᵉ 622 984 République centrafricaine
63%
20ᵉ 637 657 Somalie
63%
13ᵉ 947 300 Tanzanie
63%
7ᵉ 1 246 700 Angola
62%
16ᵉ 799 380 Mozambique
62%
14ᵉ 923 768 Nigeria
62%
15ᵉ 824 292 Namibie
61%
19ᵉ 644 329 Soudan du Sud
61%
17ᵉ 752 618 Zambie
60%
Aucun quiz correspondant
Distribution des résultats
% des personnes avec chaque résultat
Percentile par nombre de réponses
Votre historique - résultats
Vous n’avez pas pris ce quiz